1318 1085 1543 1278 1898 1033 1790 1212 1161 1886 1014 1748 1153 1409 1567 1014 1150 1076 1702 1711 1303 1443 1977 1783 1122 1200 1846 1953 1404 1736 1513 1857 1850 1357 1286 1151 1812 1683 1249 1927 1134 1509 1074 1981 1825 1450 1466 1001 1239 1867 1427 1115 1612 1027 1265 1233 1080 1380 1204 1633 1076 1366 1390 1858 1728 1154 1742 1394 1068 1214 1375 1733 1189 1611 1473 1422 1327 1092 1156 1345 1674 1038 1769 1768 1854 1170 1428 1684 1016 1010 1539 1039 1220 1582 1081 1260 1427 1170 1731 BCNSPRNW ULIB Ver.6.0+V

เปลี่ยนเป็นภาษาไทย

Change to English
 แสดงรายละเอียดบรรณานุกรม
  กลับหน้าหลัก

Brief Record : Get Marc (ISO 2709) : E-mail record : QR code < ปิดหน้าต่าง
LEADER : 00000nam 2200000uu 4500
001    13399129184
003     ULIB
008    260422s2568||||th 000 0 tha d
020    ^a9786164970731 :^c315
060 0  ^aQV350^bว179ก
100    ^aวสันต์ กาติ๊บ
245 1  ^aการใช้ยาต้านจุลชีพอย่างเหมาะสมในผู้ป่วยนอก /^cวสันต์ กาติ๊บ
250    ^aพิมพ์ครั้งที่ 5.
260    ^aกรุงเทพฯ :^bจุฬาลงกรณ์มหาวิทยาลัย,^c2568
300    ^a188 หน้า :^bภาพประกอบ ;^c26 ซม.
502    ^aหนังสือเล่มนี้ผู้นิพนธ์ได้จัดทำขึ้นโดยมีจุมุ่งหมายอยู่สองประการคือ ประการแรกเพื่อให้นักศึกษาที่มีความสนใจในโรคติดเชื้อไว้อ่านประกอบการเรียนด้านโรคติดเชื้อในผู้ป่วยนอก ประการที่สอง เพื่อให้ผู้สนใจทั่วไปทั้ง เภสัชกร และบุคลากรทางด้านสาธารณสุขอื่นๆ ได้นำไปใช้ในการดูแลผู้ป่วยนอกโรคติดเชื้อให้มีประสิทธิภาพมากขึ้น
650  4 ^aการใช้ยา
650  4 ^aยาต้านจุลชีพ
856 4  ^a^3ดูปกและสารบัญ (see cover and contents)^uhttps://opacb.bsru.ac.th/book/File11949
999    ^aประนอม เกษจรัล
รายการนี้ยังไม่มีแท็ก
คุณยังไม่ได้ล็อกอิน คุณสามารถมีกิจกรรมร่วมกับเว็บไซต์ได้ แต่ต้องล็อกอินก่อน ::
  ล็อกอิน

รายการสื่อสารสนเทศ

ลำดับที่ ประเภท เลขเรียก/บาร์โค้ด สถานที่ สถานะ
1. วิทยาศาสตร์การแพทย์ และสุขภาพ
หนังสือสำรอง
สถานะ=หนังสือสำรอง
QV350 ว179ก ฉ.1 
  Barcode: 012061
ห้องสมุดวิทยาเขตสวรรค์ประชารักษ์
►หนังสือทั่วไป
บนชั้น
2. วิทยาศาสตร์การแพทย์ และสุขภาพ
วิทยาศาสตร์การแพทย์ และสุขภาพ
QV350 ว179ก ฉ.2 
  Barcode: 012062
ห้องสมุดวิทยาเขตสวรรค์ประชารักษ์
►หนังสือทั่วไป
บนชั้น
3. วิทยาศาสตร์การแพทย์ และสุขภาพ
วิทยาศาสตร์การแพทย์ และสุขภาพ
QV350 ว179ก ฉ.3 
  Barcode: 012063
ห้องสมุดวิทยาเขตสวรรค์ประชารักษ์
►หนังสือทั่วไป
บนชั้น
4. วิทยาศาสตร์การแพทย์ และสุขภาพ
วิทยาศาสตร์การแพทย์ และสุขภาพ
QV350 ว179ก ฉ.4 
  Barcode: 012064
ห้องสมุดวิทยาเขตสวรรค์ประชารักษ์
►หนังสือทั่วไป
บนชั้น
5. วิทยาศาสตร์การแพทย์ และสุขภาพ
วิทยาศาสตร์การแพทย์ และสุขภาพ
QV350 ว179ก ฉ.5 
  Barcode: 012065
ห้องสมุดวิทยาเขตสวรรค์ประชารักษ์
►หนังสือทั่วไป
บนชั้น

รายการใกล้เคียง
    หัวเรื่อง [การใช้ยา]

BibComment


ยังไม่เคยถูกคอมเมนท์

คอมเมนท์ทรัพยากรรายการนี้
  คอมเมนท์: การใช้ยาต้านจุลช..


 Copyright 2026. Bcnsprnw @Library